Mammina un ca++o (Record n. 357989)
[ formato base ]
| 000 -LEADER | |
|---|---|
| campo di controllo lung. fissa | 00842nam a22002057a 4500 |
| 003 - Identificatore del numero di controllo | |
| campo di controllo | IT-MiCISF |
| 005 - Data e orario dell'ultima transazione | |
| campo di controllo | 20180904172250.0 |
| 008 - Elementi di lunghezza fissa--Informazione generale | |
| campo di controllo lung. fissa | 180904b ||||| |||| 00| 0 eng d |
| 040 ## - Fonte della catalogazione | |
| Agenzia che fa la trascrizione | IT-MiCISF |
| 041 ## - Codice di lingua | |
| Codice di lingua del testo/traccia sonora o titolo separato | it |
| 100 ## - Accesso principale -- nome di persona | |
| Nome di persona | Kirby Katie |
| 9 (RLIN) | 57365 |
| 245 ## - Formulazione del titolo | |
| Titolo | Mammina un ca++o |
| Complemento del titolo | Manuale scorretto per genitori imperfetti |
| 260 ## - Pubblicazione, distribuzione, ecc. (stampa) | |
| Luogo di pubblicazione, distribuzione, ecc. | Milano |
| Nome dell'editore, distributore, ecc. | Mondadori |
| Data di pubblicazione, distribuzione, ecc. | 2018 |
| 300 ## - Descrizione fisica | |
| Estensione | pp. 358 |
| 500 ## - Nota generale | |
| Nota generale | genitorialità, educazione-bambini, figli-piccoli, maternità, paternità |
| 520 ## - Riassunto, ecc. | |
| Nota di riassunto, ecc. | Un libro irriverente – ed estremamente onesto – che spiega come sopravvivere alla gravidanza e ai primi anni di vita dei figli, mostrando come sia possibile per un genitore amare con tutto il cuore i propri bimbi pur considerandoli, a volte, decisamente irritanti. |
| 650 ## - Accesso aggiunto di soggetto--termine topico | |
| Termine topico o nome geografico come accesso | genitorialità |
| 9 (RLIN) | 56044 |
| 654 ## - Accesso aggiunto di soggetto--termini topici faccettati | |
| Termine principale | manuale |
| 942 ## - Dati aggiuntivi (Koha) | |
| Fonte della classificazione o dello schema di collocazione (segnatura) | Dewey Decimal Classification |
| Tipo copia default (Koha) | LIBRO |
| Ritirato (status) | Perso (status) | Fonte della classificazione o dello schema di collocazione (segnatura) | Danneggiato (status) | Non per il presito | Biblioteca proprietaria | Biblioteca in cui si trova | Data d'acquisizione | Totale prestiti | Collocazione | Codice a barre | Data ultima operazione | Prezzo in vigore dal | Tipo copia default (Koha) |
|---|---|---|---|---|---|---|---|---|---|---|---|---|---|
| Dewey Decimal Classification | Buone Condizioni | Not For Loan | CISF - Milano | CISF - Milano | 04/09/2018 | b7485 | 9788804680543 | 04/09/2018 | 04/09/2018 | LIBRO |